| 000 | 00647nam a2200217 u 4500 | ||
|---|---|---|---|
| 005 | 20240924070345.0 | ||
| 008 | 090521s2006 es r 000 0 spa d | ||
| 020 | _a8424113136 | ||
| 035 | _aUPN01000170568 | ||
| 049 | _aI | ||
| 050 | 4 |
_aPZ74.7 _bS4.3 |
|
| 100 | 1 |
_aSerra Muñoz, Marta _933305 |
|
| 245 | 1 | 0 |
_aEn las nubes / _cMarta Serra Muñoz ; il. Claudia Legnazzi. |
| 260 |
_aLeón, Esp. : _bEverest, _c2006. |
||
| 300 |
_a56 p. : _bil. col. |
||
| 440 | 0 |
_aMontaña encantada. _pA partir de 8 años |
|
| 650 | 0 |
_aHistorias de aventuras _94131 |
|
| 650 | 0 |
_aFantasía _911180 |
|
| 650 | 4 |
_aRelaciones de familia _96077 |
|
| 905 | _aInfantil | ||
| 999 |
_c142673 _d142673 |
||